5HLuxD.jpg

KING HENRY VIII SENIOR AND PRIMARY SCHOOL LIBRARY OPAC

Stories of ourselves : (Record no. 2864)

000 -LEADER
fixed length control field 01688nam a2200361 i 4500
001 - CONTROL NUMBER
control field 021165934
003 - CONTROL NUMBER IDENTIFIER
control field UkOxU
005 - DATE AND TIME OF LATEST TRANSACTION
control field 20230828090622.0
008 - FIXED-LENGTH DATA ELEMENTS--GENERAL INFORMATION
fixed length control field 171207m20189999enk 000|j eng d
015 ## - NATIONAL BIBLIOGRAPHY NUMBER
National bibliography number GBB7O1424
Source bnb
016 7# - NATIONAL BIBLIOGRAPHIC AGENCY CONTROL NUMBER
Record control number 018645622
Source Uk
020 ## - INTERNATIONAL STANDARD BOOK NUMBER
International Standard Book Number 9781108462297
Qualifying information v.1
035 ## - SYSTEM CONTROL NUMBER
System control number (Uk)018645622
035 ## - SYSTEM CONTROL NUMBER
System control number (StEdALDL)1/3618923
040 ## - CATALOGING SOURCE
Original cataloging agency StDuBDS
Language of cataloging eng
Description conventions rda
Transcribing agency StDuBDS
Modifying agency UkOxU
-- KH8
049 ## - LOCAL HOLDINGS (OCLC)
Holding library CROBAR
082 04 - DEWEY DECIMAL CLASSIFICATION NUMBER
Classification number 823.010 CAM
Edition number 23
130 ## - MAIN ENTRY--UNIFORM TITLE
Uniform title Stories of ourselves
245 00 - TITLE STATEMENT
Title Stories of ourselves :
Remainder of title Cambridge assessment international education anthology of stories in English.
264 #1 - PRODUCTION, PUBLICATION, DISTRIBUTION, MANUFACTURE, AND COPYRIGHT NOTICE
Place of production, publication, distribution, manufacture Cambridge :
Name of producer, publisher, distributor, manufacturer Cambridge University Press,
Date of production, publication, distribution, manufacture, or copyright notice 2018-
264 #4 - PRODUCTION, PUBLICATION, DISTRIBUTION, MANUFACTURE, AND COPYRIGHT NOTICE
Date of production, publication, distribution, manufacture, or copyright notice ©2018-
300 ## - PHYSICAL DESCRIPTION
Extent vii, 420 pages ;
Dimensions 25 cm.
336 ## - CONTENT TYPE
Content type term text
Source rdacontent
337 ## - MEDIA TYPE
Media type term unmediated
Source rdamedia
338 ## - CARRIER TYPE
Carrier type term volume
Source rdacarrier
490 1# - SERIES STATEMENT
Series statement Cambridge International Examinations
520 ## - SUMMARY, ETC.
Summary, etc. Parts of Stories of Ourselves Volume 1 are set for study in Cambridge IGCSE®, O Level and International AS & A Level Literature in English courses. Each short story in this collection has its own unique voice and point of view. They may differ in form, genre, style, tone and origin, but all have been chosen because of their wide appeal. Written in English by authors from different countries and cultures, the anthology includes works by Charles Dickens, H.G. Wells, Virginia Woolf, Graham Greene, V.S. Naipaul, R.K Narayan, Janet Frame, Raymond Carver, Jhumpa Lahiri, Annie Proulx and many others.
650 #0 - SUBJECT ADDED ENTRY--TOPICAL TERM
Topical term or geographic name entry element Short stories, English.
650 #0 - SUBJECT ADDED ENTRY--TOPICAL TERM
Topical term or geographic name entry element Readers.
700 1# - ADDED ENTRY--PERSONAL NAME
Personal name Wilmer, Mary,
Relator term editor.
830 #0 - SERIES ADDED ENTRY--UNIFORM TITLE
Uniform title Cambridge International Examinations
942 ## - ADDED ENTRY ELEMENTS (KOHA)
Source of classification or shelving scheme
Koha item type Teaching Resources
Holdings
Withdrawn status Lost status Source of classification or shelving scheme Damaged status Not for loan Collection code Permanent Location Current Location Shelving location Date acquired Full call number Barcode Date last seen Price effective from Koha item type Total Checkouts Date due Date last checked out
          Teaching Resources KH8 Senior School Library KH8 Senior School Library Staff Office 2023-08-28 823.010 CAM TRKHSL002442 2023-08-28 2023-08-28 Teaching Resources      
          Teaching Resources KH8 Senior School Library KH8 Senior School Library Staff Office 2023-09-08 823.010 CAM TRKHSL002562 2025-09-24 2023-09-08 Teaching Resources 1 2026-07-03 2025-09-24
          Teaching Resources KH8 Senior School Library KH8 Senior School Library Staff Office 2023-09-08 823.010 CAM TRKHSL002563 2025-08-27 2023-09-08 Teaching Resources 1 2026-07-03 2025-08-27
          Teaching Resources KH8 Senior School Library KH8 Senior School Library Staff Office 2023-09-08 823.010 CAM TRKHSL002564 2025-08-27 2023-09-08 Teaching Resources 1 2026-07-03 2025-08-27
          Teaching Resources KH8 Senior School Library KH8 Senior School Library Staff Office 2023-09-08 823.010 CAM TRKHSL002565 2023-09-08 2023-09-08 Teaching Resources      
          Teaching Resources KH8 Senior School Library KH8 Senior School Library Staff Office 2023-09-08 823.010 CAM TRKHSL002566 2025-08-27 2023-09-08 Teaching Resources 1 2026-07-03 2025-08-27

Powered By KH8 IT Dept